| 000 | 00864nam a22002297a 4500 | ||
|---|---|---|---|
| 999 |
_c1579 _d1579 |
||
| 003 | AR-CdUCM | ||
| 008 | 190227b ||||| |||| 00| 0 spa d | ||
| 020 | _a9780983886013 | ||
| 040 |
_aMUNICIPALIDAD PROVINCIAL DEL CUSCO _cBIBLIOTECA MUNICIPAL DEL CUSCO |
||
| 082 |
_a985.61 / _bC18 |
||
| 100 |
_aCallaƱaupa Alvarez, Nilda _95934 |
||
| 245 | _aTradiciones Textiles de Chinchero, Herencia Viva / | ||
| 260 |
_aCusco : _bCenter fot Traditional Textiles of cusco, _c2012 |
||
| 300 |
_a169 paginas ; _bIlustraciones en color. _c27 cm. |
||
| 505 | _aTejidos e indumentaria tradicional -- Fases del tejido -- DiseƱos de los textiles -- Impacto del CTTC. | ||
| 650 |
_aSimbologia y ritual _95935 |
||
| 650 |
_aDualidad andina _9189 |
||
| 650 |
_aFiestas patronales _95936 |
||
| 650 |
_aIconografia textil _95937 |
||
| 942 |
_2ddc _cLIBROS |
||
| 945 |
_awnts _d2019-02-27 |
||